All First-Level Subdivisions of Asia on a Map - Statistics

General Stats
  • This quiz has been taken 50,405 times
    12,009 since last reset
  • The average score is 182 of 1010
Answers on the Map
Answers color-coded by a green-red scale on the quiz's map according to % correct below.
 
Answer Stats
Country Type Subdivision % Correct
Bhutan District Haa
81%
Sri Lanka Province Western
81%
China Municipality Beijing
79%
Nepal Province Sudurpashchim
79%
Japan Prefecture Tokyo
79%
Yemen Governorate Al Hudaydah
78%
Pakistan Territory Gilgit-Baltistan
78%
Saudi Arabia Region Makkah
78%
Kazakhstan Region West Kazakhstan
78%
Qatar Municipality Al Shamal
77%
Lebanon Governorate North
77%
Bahrain Province Northern
77%
Israel District Northern
77%
Sri Lanka Province Northern
77%
Saudi Arabia Region Northern Borders
77%
Kazakhstan Region North Kazakhstan
77%
South Korea Special City Seoul
77%
Lebanon Governorate South
77%
Bahrain Province Southern
77%
Israel District Southern
77%
Sri Lanka Province Southern
77%
China Region Tibet
77%
Kazakhstan Region Turkistan
77%
Mongolia Province Dornod
76%
Sri Lanka Province Eastern
76%
Saudi Arabia Region Eastern Province
76%
Kazakhstan Region East Kazakhstan
76%
China Special Region Hong Kong
76%
Myanmar State Shan
76%
Kyrgyzstan City Osh
73%
Kyrgyzstan Region Osh
73%
India Territory Delhi
72%
Indonesia Province Special Capital Region of Jakarta
71%
Qatar Municipality Al Khor
70%
Philippines Region National Capital
70%
China Municipality Shanghai
70%
Japan Prefecture Hokkaido
69%
China Region Inner Mongolia
69%
Turkey Province Istanbul
69%
Turkey Province Muş
69%
Taiwan Municipality Taipei
69%
United Arab Emirates Emirate Dubai
68%
Iran Province Tehran
68%
United Arab Emirates Emirate Abu Dhabi
66%
Japan Prefecture Osaka
66%
North Korea Direct-administered City Pyongyang
66%
Mongolia Province Töv
66%
China Special Region Macau
65%
Turkey Province Ankara
64%
Thailand Area Bangkok
64%
Sri Lanka Province Central
64%
Vietnam Municipality Hanoi
64%
Afghanistan Province Kabul
63%
China Region Xinjiang Uyghur
63%
Kuwait Governorate Al Asimah
62%
Saudi Arabia Region Riyadh
62%
Mongolia Municipality Ulaanbaatar
62%
Kazakhstan Region Akmola
61%
Oman Governorate Al Wusta
61%
Kazakhstan City Astana
61%
Iraq Governorate Baghdad
61%
Azerbaijan City Baku
61%
Israel District Central
61%
Singapore Council Central Singapore
61%
China Province Hainan
61%
Vietnam Municipality Ho Chi Minh
61%
South Korea Metropolitan City Busan
60%
Pakistan Territory Islamabad Capital Territory
60%
Bangladesh Division Dhaka
59%
Syria Governorate Damascus
58%
Israel District Jerusalem
58%
Malaysia Territory Kuala Lumpur
58%
Palestine Governorate Quds
58%
Syria Governorate Rif Dimashq
58%
Yemen Governorate Sana'a
58%
Yemen Municipality Sana'a
58%
Pakistan Territory Azad Jammu and Kashmir
57%
India Territory Jammu and Kashmir
57%
Japan Prefecture Kyoto
57%
Oman Governorate Muscat
57%
Qatar Municipality Ad Dawhah
56%
Georgia City Tbilisi
56%
Bahrain Province Capital
55%
Japan Prefecture Hiroshima
55%
Russia Territory Kamchatka
55%
Japan Prefecture Okinawa
55%
India State Uttar Pradesh
55%
Indonesia Province Bali
54%
Myanmar State Chin
54%
Maldives City Malé
54%
Maldives Atoll Malé Atoll
54%
Russia Republic Sakha
54%
Uzbekistan City Tashkent
54%
Uzbekistan Region Tashkent
54%
Armenia City Yerevan
54%
Palestine Government Gaza Strip
53%
Japan Prefecture Nagasaki
53%
India State Punjab
53%
Pakistan Province Punjab
53%
Israel District Tel Aviv
53%
Jordan Governorate Amman
52%
Kyrgyzstan City Bishkek
52%
China Province Guangdong
52%
Pakistan Province Khyber Pakhtunkhwa
52%
Kazakhstan City Almaty
51%
Kazakhstan Region Almaty
51%
Turkey Province İzmir
51%
South Korea Special Self-Governing Province Jeju
51%
Russia Region Sakhalin
51%
China Municipality Tianjin
51%
India State West Bengal
51%
Turkmenistan City Ashgabat
50%
Oman Governorate Ash Sharqiyah South
50%
Lebanon Governorate Beirut
50%
Cyprus District Nicosia
50%
Singapore Council South East
50%
Oman Governorate Ash Sharqiyah North
49%
Singapore Council North West
49%
Sri Lanka Province North Western
49%
Cambodia Province Phnom Penh
49%
China Province Sichuan
49%
Singapore Council South West
49%
Saudi Arabia Region Madinah
48%
Singapore Council North East
48%
China Municipality Chongqing
47%
Laos Prefecture Vientiane
47%
Laos Province Vientiane
47%
Myanmar Region Yangon
47%
Turkmenistan Region Ahal
46%
Syria Governorate Aleppo
46%
India Territory Andaman and Nicobar Islands
46%
India State Goa
46%
Syria Governorate Homs
46%
Tajikistan City Dushanbe
45%
India State Gujarat
45%
Bhutan District Thimphu
43%
China Province Yunnan
43%
Bangladesh Division Chittagong
42%
Myanmar Territory Naypyidaw
42%
Turkey Province Şanlıurfa
42%
Yemen Governorate Aden
41%
Turkey Province Antalya
41%
China Province Hebei
41%
China Province Hubei
41%
Russia Region Irkutsk
41%
Iran Province Sistan and Baluchestan
41%
India State Tamil Nadu
41%
Pakistan Province Balochistan
40%
India State Kerala
40%
India State Rajasthan
40%
Brunei District Brunei-Muara
39%
East Timor Municipality Dili
39%
Japan Prefecture Fukuoka
38%
China Province Hunan
38%
China Province Shandong
38%
China Province Shanxi
38%
India State Assam
37%
China Province Fujian
37%
Iran Province Isfahan
37%
Russia Autonomous Region Jewish
37%
Russia Region Omsk
37%
China Province Shaanxi
37%
Russia Region Novosibirsk
36%
Thailand Province Phuket
36%
Indonesia Province East Java
35%
Japan Prefecture Fukushima
35%
China Region Guangxi
35%
China Province Henan
35%
Indonesia Province West Java
35%
Israel District Haifa
34%
China Province Heilongjiang
34%
South Korea Metropolitan City Incheon
34%
Russia Territory Krasnoyarsk
34%
Iran Province Kurdistan
34%
Iraq Region Kurdistan
34%
Egypt Governorate North Sinai
34%
Egypt Governorate South Sinai
34%
Georgia Republic Abkhazia
33%
China Province Gansu
33%
India State Maharashtra
33%
Indonesia Province Papua
33%
Indonesia Province Aceh
32%
China Province Anhui
32%
Indonesia Province Central Java
32%
China Province Jilin
32%
China Province Qinghai
32%
Russia Region Amur
31%
Iraq Governorate Basra
31%
South Korea Metropolitan City Daegu
31%
India State Madhya Pradesh
31%
Myanmar Region Mandalay
31%
Indonesia Province North Sulawesi
31%
Indonesia Province North Sumatra
31%
India State Odisha
31%
India State Sikkim
31%
Pakistan Province Sindh
31%
Indonesia Province South Sulawesi
31%
Indonesia Province South Sumatra
31%
Indonesia Province West Papua
31%
India State Andhra Pradesh
30%
India State Bihar
30%
Vietnam Municipality Da Nang
30%
China Province Jiangsu
30%
China Province Liaoning
30%
China Region Ningxia
30%
Russia Republic Tuva
30%
Turkey Province Van
30%
Turkey Province Batman
29%
Turkey Province Bursa
29%
Mongolia Province Govi-Altai
29%
Afghanistan Province Kandahar
29%
Taiwan Municipality Kaohsiung
29%
Thailand Province Nan
29%
Russia Region Tomsk
29%
Indonesia Province West Sulawesi
29%
Indonesia Province West Sumatra
29%
Russia Republic Altai
28%
Russia Territory Altai
28%
India State Arunachal Pradesh
28%
Thailand Province Chiang Mai
28%
China Province Jiangxi
28%
India State Karnataka
28%
Russia Region Magadan
28%
Iran Province Qom
28%
Malaysia State Sarawak
28%
Yemen Governorate Socotra Archipelago
28%
China Province Zhejiang
28%
Indonesia Province Central Sulawesi
27%
Russia Region Chelyabinsk
27%
Australia Overseas Territory Christmas Island
27%
China Province Guizhou
27%
India State Himachal Pradesh
27%
Malaysia State Johor
27%
India Territory Ladakh
27%
India State Nagaland
27%
India State Telangana
27%
Indonesia Province East Kalimantan
26%
India State Haryana
26%
Kyrgyzstan Region Issyk-Kul
26%
Uzbekistan Region Samarqand
26%
United Arab Emirates Emirate Sharjah
26%
Maldives Atoll South Maalhosmadulu
26%
Indonesia Province West Kalimantan
26%
Russia Republic Buryatia
25%
India State Chhattisgarh
25%
Japan Prefecture Chiba
25%
Russia Area Chukotka
25%
Philippines Region Davao
25%
Japan Prefecture Mie
25%
Myanmar State Mon
25%
Indonesia Province North Kalimantan
25%
India Territory Puducherry
25%
United Arab Emirates Emirate Ras Al Khaimah
25%
Indonesia Province South Kalimantan
25%
Japan Prefecture Aomori
24%
Indonesia Province Central Kalimantan
24%
Turkey Province Gaziantep
24%
Afghanistan Province Herat
24%
India State Jharkhand
24%
India State Manipur
24%
Japan Prefecture Nara
24%
Malaysia State Sabah
24%
Indonesia Province South Papua
24%
India State Uttarakhand
24%
Turkey Province Bitlis
23%
Indonesia Province Central Papua
23%
Turkey Province Edirne
23%
Afghanistan Province Ghor
23%
Russia Territory Khabarovsk
23%
India Territory Lakshadweep
23%
Cyprus District Limassol
23%
Malaysia State Malacca
23%
Turkey Province Malatya
23%
India State Mizoram
23%
Taiwan Municipality New Taipei
23%
Japan Prefecture Niigata
23%
Russia Territory Primorsky
23%
Indonesia Province Special Region of Yogyakarta
23%
India State Tripura
23%
Turkey Province Adana
22%
India Territory Chandigarh
22%
Turkey Province Konya
22%
India State Meghalaya
22%
Palestine Governorate Ramallah and al-Bireh
22%
Japan Prefecture Saitama
22%
Indonesia Province Southeast Sulawesi
22%
Japan Prefecture Akita
21%
India Territory Dadra and Nagar Haveli and Daman and Diu
21%
Jordan Governorate Karak
21%
Japan Prefecture Nagano
21%
Taiwan Municipality Taichung
21%
Turkey Province Trabzon
21%
Australia Overseas Territory Cocos (Keeling) Islands
20%
South Korea Metropolitan City Gwangju
20%
Japan Prefecture Kagoshima
20%
Taiwan Municipality Tainan
20%
Russia Region Tyumen
20%
Russia Area Yamalo-Nenets
20%
Russia Area Khanty-Mansi
19%
Japan Prefecture Okayama
19%
Japan Prefecture Saga
19%
South Korea Metropolitan City Daejeon
18%
Syria Governorate Hama
18%
Japan Prefecture Kōchi
18%
Japan Prefecture Miyazaki
18%
Indonesia Province Riau
18%
Indonesia Province Riau Islands
18%
Azerbaijan City Shaki
18%
Azerbaijan District Shaki
18%
Japan Prefecture Shizuoka
18%
Cambodia Province Siem Reap
18%
South Korea Metropolitan City Ulsan
18%
Japan Prefecture Aichi
17%
Afghanistan Province Balkh
17%
Iran Province East Azerbaijan
17%
Japan Prefecture Gifu
17%
Japan Prefecture Gunma
17%
Japan Prefecture Iwate
17%
Japan Prefecture Kanagawa
17%
Uzbekistan Republic Karakalpakstan
17%
Myanmar State Kayah
17%
Russia Region Kemerovo
17%
Russia Republic Khakassia
17%
Japan Prefecture Kumamoto
17%
Cyprus District Larnaca
17%
Turkmenistan Region Mary
17%
Japan Prefecture Miyagi
17%
Japan Prefecture Ōita
17%
Malaysia State Penang
17%
Turkey Province Samsun
17%
Russia Region Sverdlovsk
17%
Japan Prefecture Tottori
17%
Iran Province West Azerbaijan
17%
Japan Prefecture Yamaguchi
17%
Russia Territory Zabaykalsky
17%
Jordan Governorate Aqaba
16%
Uzbekistan Region Bukhara
16%
Japan Prefecture Ehime
16%
Japan Prefecture Fukui
16%
Turkey Province Hatay
16%
Vietnam Municipality Huế
16%
Japan Prefecture Ibaraki
16%
Russia Region Kurgan
16%
Indonesia Province Maluku
16%
Philippines Region Negros Island
16%
Japan Prefecture Wakayama
16%
Japan Prefecture Yamagata
16%
Kazakhstan Region Aktobe
15%
Kazakhstan Region Atyrau
15%
Palestine Governorate Bethlehem
15%
Thailand Province Chiang Rai
15%
Indonesia Province East Nusa Tenggara
15%
Vietnam Municipality Haiphong
15%
Japan Prefecture Hyōgo
15%
Japan Prefecture Ishikawa
15%
Myanmar State Kayin
15%
Iraq Governorate Kirkuk
15%
Syria Governorate Latakia
15%
Indonesia Province North Maluku
15%
Cyprus District Paphos
15%
Kazakhstan City Shymkent
15%
Bangladesh Division Sylhet
15%
Japan Prefecture Toyama
15%
Indonesia Province West Nusa Tenggara
15%
Saudi Arabia Region Al-Jawf
14%
Yemen Governorate Al Jawf
14%
Indonesia Province Banten
14%
Iran Province Fars
14%
South Korea Province Gyeonggi
14%
Indonesia Province Jambi
14%
Japan Prefecture Kagawa
14%
Kazakhstan Region Karagandy
14%
Iran Province Kerman
14%
Indonesia Province Lampung
14%
South Korea Province North Jeolla
14%
Myanmar State Rakhine
14%
Japan Prefecture Shiga
14%
Japan Prefecture Shimane
14%
Japan Prefecture Tochigi
14%
Japan Prefecture Tokushima
14%
Japan Prefecture Yamanashi
14%
Azerbaijan District Balakan
13%
Turkey Province Diyarbakır
13%
Cyprus District Famagusta
13%
South Korea Special Self-Governing Province Gangwon
13%
Azerbaijan City Ganja
13%
Indonesia Province Gorontalo
13%
Kyrgyzstan Region Jalal-Abad
13%
Turkey Province Kayseri
13%
Iran Province Khuzestan
13%
Taiwan County Kinmen
13%
Laos Province Louangphabang
13%
Turkey Province Mersin
13%
Azerbaijan Republic Nakhchivan
13%
Syria Governorate Raqqa
13%
South Korea Special Self-Governing City Sejong
13%
South Korea Province South Jeolla
13%
Thailand Province Tak
13%
United Arab Emirates Emirate Umm Al Quwain
13%
Armenia Province Ararat
12%
Kazakhstan City Baikonur
12%
Turkmenistan Region Balkan
12%
Turkey Province Çanakkale
12%
Philippines Region Central Luzon
12%
Palestine Governorate Hebron
12%
Palestine Governorate Jericho
12%
Myanmar State Kachin
12%
Turkey Province Kars
12%
Malaysia State Kedah
12%
Bangladesh Division Khulna
12%
Malaysia State Perlis
12%
Malaysia Territory Putrajaya
12%
Malaysia State Selangor
12%
Indonesia Province Southwest Papua
12%
Saudi Arabia Region Tabuk
12%
Indonesia Province Bangka Belitung Islands
11%
Indonesia Province Bengkulu
11%
Turkey Province Erzurum
11%
Uzbekistan Region Fergana
11%
United Arab Emirates Emirate Fujairah
11%
Tajikistan Autonomous Region Gorno-Badakhshan
11%
Saudi Arabia Region Ha'il
11%
Indonesia Province Highland Papua
11%
Syria Governorate Idlib
11%
Malaysia State Kelantan
11%
Iran Province Kermanshah
11%
Iran Province Lorestan
11%
South Korea Province North Chungcheong
11%
South Korea Province North Gyeongsang
11%
Iran Province North Khorasan
11%
Malaysia State Pahang
11%
Kazakhstan Region Pavlodar
11%
Malaysia State Perak
11%
Bangladesh Division Rangpur
11%
Turkey Province Sivas
11%
South Korea Province South Chungcheong
11%
South Korea Province South Gyeongsang
11%
Iran Province South Khorasan
11%
Thailand Province Surat Thani
11%
Syria Governorate Tartus
11%
Turkey Province Tekirdağ
11%
Iran Province Yazd
11%
Georgia Republic Adjara
10%
United Arab Emirates Emirate Ajman
10%
Myanmar Region Ayeyarwady
10%
Afghanistan Province Badakhshan
10%
Myanmar Region Bago
10%
Philippines Region Cordillera
10%
Syria Governorate Daraa
10%
Yemen Governorate Dhale
10%
Turkey Province Eskişehir
10%
Iran Province Gilan
10%
Afghanistan Province Helmand
10%
Taiwan County Hualien
10%
North Korea Special City Kaesong
10%
Thailand Province Krabi
10%
Kazakhstan Region Kyzylorda
10%
Malaysia Territory Labuan
10%
Taiwan County Lienchiang
10%
Iran Province Mazandaran
10%
Bangladesh Division Mymensingh
10%
Saudi Arabia Region Najran
10%
Sri Lanka Province North Central
10%
Taiwan County Penghu
10%
Bangladesh Division Rajshahi
10%
North Korea Special City Rason
10%
Turkey Province Rize
10%
Turkey Province Sinop
10%
Taiwan County Taitung
10%
Taiwan Municipality Taoyuan
10%
Malaysia State Terengganu
10%
Qatar Municipality Umm Salal
10%
Philippines Region Zamboanga Peninsula
10%
Iraq Governorate Al Anbar
9%
Qatar Municipality Al Daayen
9%
Iran Province Ardabil
9%
Saudi Arabia Region Asir
9%
Iraq Governorate Babil
9%
Philippines Autonomous Region Bangsamoro
9%
Bangladesh Division Barisal
9%
Philippines Region Cagayan Valley
9%
Philippines Region Central Visayas
9%
Vietnam Municipality Cần Thơ
9%
Syria Governorate Deir ez-Zor
9%
Turkey Province Denizli
9%
Philippines Region Eastern Visayas
9%
Iran Province Golestan
9%
Iran Province Hormozgān
9%
Taiwan City Hsinchu
9%
Taiwan County Hsinchu
9%
Philippines Region Ilocos
9%
Jordan Governorate Irbid
9%
Kazakhstan Region Jambyl
9%
North Korea Province Kangwon
9%
Iraq Governorate Karbala
9%
Taiwan City Keelung
9%
Turkey Province Kırklareli
9%
Kazakhstan Region Kostanay
9%
Kazakhstan Region Mangystau
9%
Lebanon Governorate Mount Lebanon
9%
Iraq Governorate Najaf
9%
North Korea Special City Nampo
9%
Malaysia State Negeri Sembilan
9%
Iraq Governorate Nineveh
9%
North Korea Province North Pyongan
9%
Cambodia Province Preah Sihanouk
9%
Iran Province Razavi Khorasan
9%
Philippines Region Soccsksargen
9%
North Korea Province South Pyongan
9%
Yemen Governorate Taiz
9%
Jordan Governorate Zarqa
9%
Turkey Province Adıyaman
8%
Turkey Province Ağrı
8%
Saudi Arabia Region Al-Bahah
8%
Iran Province Alborz
8%
Saudi Arabia Region Al-Qassim
8%
Uzbekistan Region Andijan
8%
Syria Governorate As-Suwayda
8%
Turkey Province Aydın
8%
Cambodia Province Battambang
8%
Philippines Region Bicol
8%
Turkey Province Bolu
8%
Iran Province Bushehr
8%
Philippines Region Calabarzon
8%
North Korea Province Chagang
8%
Taiwan City Chiayi
8%
Taiwan County Chiayi
8%
Thailand Province Chonburi
8%
Turkmenistan Region Daşoguz
8%
Oman Governorate Dhofar
8%
Afghanistan Province Farah
8%
Turkey Province Hakkâri
8%
Iran Province Hamadan
8%
Turkey Province Iğdır
8%
Iran Province Ilam
8%
Turkey Province Isparta
8%
Saudi Arabia Region Jizan
8%
Turkey Province Kahramanmaraş
8%
Turkey Province Karaman
8%
Afghanistan Province Kunduz
8%
Cyprus District Kyrenia
8%
Turkey Province Mardin
8%
Taiwan County Miaoli
8%
Turkey Province Muğla
8%
Palestine Governorate Nablus
8%
Uzbekistan Region Namangan
8%
North Korea Province North Hamgyong
8%
North Korea Province North Hwanghae
8%
Afghanistan Province Nuristan
8%
Turkey Province Ordu
8%
Turkey Province Osmaniye
8%
Bhutan District Paro
8%
Thailand Province Phra Nakhon Si Ayutthaya
8%
Taiwan County Pingtung
8%
Iran Province Qazvin
8%
North Korea Province Ryanggang
8%
Iran Province Semnan
8%
North Korea Province South Hamgyong
8%
North Korea Province South Hwanghae
8%
Philippines Region Western Visayas
8%
Taiwan County Yilan
8%
Iran Province Zanjan
8%
Kazakhstan Region Abai
7%
Turkey Province Afyonkarahisar
7%
Syria Governorate Al-Hasakah
7%
Turkey Province Ardahan
7%
Turkey Province Artvin
7%
Lebanon Governorate Baalbek-Hermel
7%
Turkey Province Balıkesir
7%
Afghanistan Province Bamyan
7%
Lebanon Governorate Beqaa
7%
Iran Province Chaharmahal and Bakhtiari
7%
Taiwan County Changhua
7%
Kyrgyzstan Region Chuy
7%
Turkey Province Çorum
7%
Turkey Province Elazığ
7%
Turkey Province Erzincan
7%
Afghanistan Province Ghazni
7%
Yemen Governorate Hadramaut
7%
Kazakhstan Region Jetisu
7%
Turkey Province Kastamonu
7%
Mongolia Province Khovd
7%
Turkey Province Kilis
7%
Turkey Province Kocaeli
7%
Turkmenistan Region Lebap
7%
Nepal Province Lumbini
7%
Jordan Governorate Ma'an
7%
Turkey Province Manisa
7%
Iran Province Markazi
7%
Philippines Region Mimaropa
7%
Oman Governorate Musandam
7%
Taiwan County Nantou
7%
Kyrgyzstan Region Naryn
7%
Uzbekistan Region Navoiy
7%
Turkey Province Nevşehir
7%
Philippines Region Northern Mindanao
7%
Maldives Atoll North Maalhosmadulu
7%
Thailand Province Pattani
7%
Myanmar Region Sagaing
7%
Laos Province Savannakhét
7%
Thailand Province Songkhla
7%
Kyrgyzstan Region Talas
7%
Thailand Province Trang
7%
Thailand Province Udon Thani
7%
Kazakhstan Region Ulytau
7%
Sri Lanka Province Uva
7%
Mongolia Province Uvs
7%
Thailand Province Yala
7%
Turkey Province Yalova
7%
Taiwan County Yunlin
7%
Afghanistan Province Zabul
7%
Turkey Province Zonguldak
7%
Lebanon Governorate Akkar
6%
Turkey Province Aksaray
6%
Yemen Governorate Al Mahwit
6%
Qatar Municipality Al Rayyan
6%
Turkey Province Amasya
6%
Afghanistan Province Badghis
6%
Afghanistan Province Baghlan
6%
Nepal Province Bagmati
6%
Turkey Province Bartın
6%
Kyrgyzstan Region Batken
6%
Mongolia Province Bayan-Ulgii
6%
Turkey Province Bayburt
6%
Turkey Province Bilecik
6%
Turkey Province Bingöl
6%
Turkey Province Burdur
6%
Thailand Province Buriram
6%
Turkey Province Çankırı
6%
Philippines Region Caraga
6%
Vietnam Province Điện Biên
6%
Mongolia Province Dornogovi
6%
Mongolia Province Dundgovi
6%
Turkey Province Düzce
6%
Nepal Province Gandaki
6%
Turkey Province Giresun
6%
Turkey Province Gümüşhane
6%
Georgia Region Imereti
6%
Kuwait Governorate Jahra
6%
Palestine Governorate Jenin
6%
Jordan Governorate Jerash
6%
Uzbekistan Region Jizzakh
6%
Georgia Region Kakheti
6%
Cambodia Province Kampot
6%
Thailand Province Kanchanaburi
6%
Turkey Province Karabük
6%
Nepal Province Karnali
6%
Cambodia Province Kep
6%
Azerbaijan City Khankendi
6%
Thailand Province Khon Kaen
6%
Afghanistan Province Khost
6%
Mongolia Province Khövsgöl
6%
Turkey Province Kırıkkale
6%
Turkey Province Kırşehir
6%
Iran Province Kohgiluyeh and Boyer-Ahmad
6%
Nepal Province Koshi
6%
Turkey Province Kütahya
6%
Thailand Province Lampang
6%
Vietnam Province Lào Cai
6%
Thailand Province Loei
6%
Armenia Province Lori
6%
Nepal Province Madhesh
6%
Thailand Province Mae Hong Son
6%
Myanmar Region Magway
6%
Bahrain Province Muharraq
6%
Thailand Province Nakhon Ratchasima
6%
Turkey Province Niğde
6%
Afghanistan Province Nimruz
6%
Mongolia Province Ömnögovi
6%
Afghanistan Province Paktia
6%
Afghanistan Province Paktika
6%
Afghanistan Province Panjshir
6%
Syria Governorate Quneitra
6%
Thailand Province Rayong
6%
Turkey Province Sakarya
6%
Iraq Governorate Saladin
6%
Azerbaijan District Samukh
6%
Mongolia Province Selenge
6%
Turkey Province Siirt
6%
Uzbekistan Region Sirdaryo
6%
Turkey Province Şırnak
6%
Azerbaijan City Şirvan
6%
Mongolia Province Sukhbaatar
6%
Thailand Province Sukhothai
6%
Myanmar Region Tanintharyi
6%
Turkey Province Tokat
6%
Thailand Province Trat
6%
Turkey Province Tunceli
6%
Thailand Province Ubon Ratchathani
6%
Afghanistan Province Urozgan
6%
Turkey Province Uşak
6%
Iraq Governorate Wasit
6%
Uzbekistan Region Xorazm
6%
Turkey Province Yozgat
6%
Maldives City Addu City
5%
Yemen Governorate Al Mahrah
5%
Iraq Governorate Al-Qādisiyyah
5%
Vietnam Province An Giang
5%
Thailand Province Ang Thong
5%
Mongolia Province Arkhangai
5%
Armenia Province Armavir
5%
Laos Province Attapeu
5%
Mongolia Province Bayankhongor
5%
Brunei District Belait
5%
Mongolia Province Bulgan
5%
Vietnam Province Cà Mau
5%
Laos Province Champasak
5%
Thailand Province Chanthaburi
5%
Thailand Province Chumphon
5%
Mongolia Province Darkhan-Uul
5%
Afghanistan Province Daykundi
5%
Iraq Governorate Dhi Qar
5%
Iraq Governorate Diyala
5%
Vietnam Province Đắk Lắk
5%
Afghanistan Province Faryab
5%
Bhutan District Gasa
5%
Mongolia Province Govisumber
5%
Georgia Region Guria
5%
Yemen Governorate Ibb
5%
Afghanistan Province Jowzjan
5%
Cambodia Province Kampong Cham
5%
Cambodia Province Kampong Chhnang
5%
Cambodia Province Kampong Speu
5%
Cambodia Province Kampong Thom
5%
Cambodia Province Kandal
5%
Afghanistan Province Kapisa
5%
Lebanon Governorate Keserwan-Jbeil
5%
Tajikistan Region Khatlon
5%
Mongolia Province Khentii
5%
Cambodia Province Koh Kong
5%
Cambodia Province Kratié
5%
Afghanistan Province Kunar
5%
Afghanistan Province Laghman
5%
Thailand Province Lamphun
5%
Azerbaijan City Lankaran
5%
Azerbaijan District Lankaran
5%
Afghanistan Province Logar
5%
Thailand Province Lopburi
5%
Jordan Governorate Madaba
5%
Jordan Governorate Mafraq
5%
Iraq Governorate Maysan
5%
Cambodia Province Mondulkiri
5%
Kuwait Governorate Mubarak Al-Kabeer
5%
Iraq Governorate Muthanna
5%
Lebanon Governorate Nabatieh
5%
Thailand Province Nakhon Pathom
5%
Thailand Province Nakhon Sawan
5%
Thailand Province Nakhon Si Thammarat
5%
Afghanistan Province Nangarhar
5%
Thailand Province Narathiwat
5%
Vietnam Province Nghệ An
5%
Vietnam Province Ninh Bình
5%
Thailand Province Nonthaburi
5%
Mongolia Province Orkhon
5%
Mongolia Province Övörkhangai
5%
Cambodia Province Pailin
5%
Afghanistan Province Parwan
5%
Thailand Province Phang Nga
5%
Thailand Province Phayao
5%
Thailand Province Phetchaburi
5%
Thailand Province Phitsanulok
5%
Thailand Province Phrae
5%
Cambodia Province Preah Vihear
5%
Cambodia Province Pursat
5%
Uzbekistan Region Qashqadaryo
5%
Vietnam Province Quảng Trị
5%
Thailand Province Ranong
5%
Cambodia Province Ratanakiri
5%
Thailand Province Ratchaburi
5%
Thailand Province Roi Et
5%
Sri Lanka Province Sabaragamuwa
5%
Afghanistan Province Samangan
5%
Thailand Province Samut Prakan
5%
Thailand Province Samut Sakhon
5%
Thailand Province Saraburi
5%
Afghanistan Province Sar-e Pol
5%
Thailand Province Satun
5%
Armenia Province Shirak
5%
Thailand Province Sisaket
5%
Vietnam Province Sơn La
5%
Cambodia Province Steung Treng
5%
Tajikistan Region Sughd
5%
Azerbaijan City Sumgait
5%
Thailand Province Surin
5%
Uzbekistan Region Surxondaryo
5%
Armenia Province Syunik
5%
Cambodia Province Takéo
5%
Afghanistan Province Takhar
5%
Brunei District Temburong
5%
Vietnam Province Thái Nguyên
5%
Vietnam Province Thanh Hóa
5%
Brunei District Tutong
5%
Thailand Province Uttaradit
5%
Afghanistan Province Wardak
5%
Laos Province Xékong
5%
Mongolia Province Zavkhan
5%
Oman Governorate Ad Dakhiliyah
4%
Oman Governorate Ad Dhahirah
4%
Azerbaijan District Aghdam
4%
Kuwait Governorate Ahmadi
4%
Jordan Governorate Ajloun
4%
Oman Governorate Al Batinah North
4%
Oman Governorate Al Batinah South
4%
Oman Governorate Al Buraymi
4%
Qatar Municipality Al Wakrah
4%
Thailand Province Amnat Charoen
4%
Armenia Province Aragatsotn
4%
Azerbaijan District Astara
4%
Jordan Governorate Balqa
4%
Cambodia Province Banteay Meanchey
4%
East Timor Municipality Baucau
4%
Vietnam Province Bắc Ninh
4%
Laos Province Bokèo
4%
Laos Province Bolikhamxai
4%
Thailand Province Bueng Kan
4%
Bhutan District Bumthang
4%
Vietnam Province Cao Bằng
4%
Thailand Province Chachoengsao
4%
Thailand Province Chai Nat
4%
Thailand Province Chaiyaphum
4%
Vietnam Province Đồng Nai
4%
Vietnam Province Đồng Tháp
4%
Kuwait Governorate Farwaniya
4%
Armenia Province Gegharkunik
4%
Vietnam Province Gia Lai
4%
Vietnam Province Hà Tĩnh
4%
Kuwait Governorate Hawalli
4%
Laos Province Houaphan
4%
Vietnam Province Hưng Yên
4%
Thailand Province Kalasin
4%
Thailand Province Kamphaeng Phet
4%
Laos Province Khammouan
4%
Vietnam Province Khánh Hòa
4%
Armenia Province Kotayk
4%
Georgia Region Kvemo Kartli
4%
Vietnam Province Lai Châu
4%
Vietnam Province Lâm Đồng
4%
Vietnam Province Lạng Sơn
4%
Laos Province Luang Namtha
4%
Thailand Province Maha Sarakham
4%
Yemen Governorate Ma'rib
4%
Azerbaijan City Mingachevir
4%
Georgia Region Mtskheta-Mtianeti
4%
Thailand Province Mukdahan
4%
Thailand Province Nakhon Nayok
4%
Thailand Province Nakhon Phanom
4%
Thailand Province Nong Bua Lamphu
4%
Thailand Province Nong Khai
4%
Cambodia Province Oddar Meanchey
4%
East Timor Municipality Oecusse
4%
Laos Province Oudomxay
4%
Thailand Province Pathum Thani
4%
Thailand Province Phatthalung
4%
Thailand Province Phetchabun
4%
Thailand Province Phichit
4%
Laos Province Phongsaly
4%
Vietnam Province Phú Thọ
4%
Thailand Province Prachinburi
4%
Thailand Province Prachuap Khiri Khan
4%
Cambodia Province Prey Veng
4%
Bhutan District Punakha
4%
Azerbaijan District Qakh
4%
Palestine Governorate Qalqiliya
4%
Azerbaijan District Quba
4%
Vietnam Province Quảng Ngãi
4%
Vietnam Province Quảng Ninh
4%
Georgia Region Racha-Lechkhumi and Kvemo Svaneti
4%
Tajikistan District Rasht
4%
Yemen Governorate Sa'dah
4%
Thailand Province Sa Kaeo
4%
Thailand Province Sakon Nakhon
4%
Laos Province Salavan
4%
Georgia Region Samegrelo-Zemo Svaneti
4%
Georgia Region Samtskhe-Javakheti
4%
Thailand Province Samut Songkhram
4%
Georgia Region Shida Kartli
4%
Azerbaijan District Shusha
4%
Thailand Province Sing Buri
4%
Thailand Province Suphan Buri
4%
Cambodia Province Svay Rieng
4%
Jordan Governorate Tafilah
4%
Azerbaijan District Tartar
4%
Armenia Province Tavush
4%
Vietnam Province Tây Ninh
4%
Cambodia Province Tboung Khmum
4%
Bhutan District Trashigang
4%
Bhutan District Trashi Yangtse
4%
Palestine Governorate Tulkarm
4%
Vietnam Province Tuyên Quang
4%
Thailand Province Uthai Thani
4%
Armenia Province Vayots Dzor
4%
Vietnam Province Vĩnh Long
4%
Laos Province Xaignabouli
4%
Laos Province Xaisomboun
4%
Laos Province Xiangkhouang
4%
Thailand Province Yasothon
4%
Azerbaijan District Absheron
3%
Yemen Governorate Abyan
3%
Azerbaijan District Agdash
3%
Azerbaijan District Aghjabadi
3%
Azerbaijan District Aghstafa
3%
Azerbaijan District Agsu
3%
East Timor Municipality Aileu
3%
East Timor Municipality Ainaro
3%
Yemen Governorate Al Bayda
3%
Qatar Municipality Al-Shahaniya
3%
Yemen Governorate Amran
3%
East Timor Municipality Atauro
3%
Azerbaijan District Barda
3%
Azerbaijan District Beylagan
3%
Azerbaijan District Bilasuvar
3%
East Timor Municipality Bobonaro
3%
Bhutan District Chhukha
3%
East Timor Municipality Covalima
3%
Bhutan District Dagana
3%
Azerbaijan District Dashkasan
3%
Yemen Governorate Dhamar
3%
East Timor Municipality Ermera
3%
Maldives City Fuvahmulah
3%
Azerbaijan District Fuzuli
3%
Azerbaijan District Gadabay
3%
Azerbaijan District Gobustan
3%
Azerbaijan District Goranboy
3%
Azerbaijan District Goychay
3%
Azerbaijan District Goygol
3%
Azerbaijan District Hajigabul
3%
Yemen Governorate Hajjah
3%
Azerbaijan District Imishli
3%
Azerbaijan District Ismayilli
3%
Azerbaijan District Jabrayil
3%
Azerbaijan District Jalilabad
3%
Azerbaijan District Kalbajar
3%
Azerbaijan District Khachmaz
3%
Azerbaijan District Khizi
3%
Azerbaijan District Khojaly
3%
Azerbaijan District Khojavend
3%
Azerbaijan District Kurdamir
3%
Azerbaijan District Lachin
3%
Yemen Governorate Lahij
3%
Tajikistan District Lakhsh
3%
East Timor Municipality Lautém
3%
Azerbaijan District Lerik
3%
Bhutan District Lhuentse
3%
East Timor Municipality Liquiçá
3%
East Timor Municipality Manatuto
3%
East Timor Municipality Manufahi
3%
Azerbaijan District Masally
3%
Bhutan District Mongar
3%
Maldives Atoll Mulaku Atoll
3%
Azerbaijan City Naftalan
3%
Azerbaijan District Neftchala
3%
Azerbaijan District Oghuz
3%
Bhutan District Pema Gatshel
3%
Azerbaijan District Qabala
3%
Azerbaijan District Qazax
3%
Azerbaijan District Qubadli
3%
Azerbaijan District Qusar
3%
Yemen Governorate Raymah
3%
Azerbaijan District Saatly
3%
Palestine Governorate Salfit
3%
Azerbaijan District Salyan
3%
Bhutan District Samdrup Jongkhar
3%
Bhutan District Samtse
3%
Bhutan District Sarpang
3%
Azerbaijan District Shabran
3%
Yemen Governorate Shabwah
3%
Azerbaijan District Shamakhi
3%
Azerbaijan District Shamkir
3%
Azerbaijan District Siyazan
3%
Azerbaijan District Tovuz
3%
Bhutan District Trongsa
3%
Bhutan District Tsirang
3%
Palestine Governorate Tubas
3%
Azerbaijan District Ujar
3%
East Timor Municipality Viqueque
3%
Bhutan District Wangdue Phodrang
3%
Azerbaijan District Yardimli
3%
Azerbaijan City Yevlakh
3%
Azerbaijan District Yevlakh
3%
Azerbaijan District Zagatala
3%
Azerbaijan District Zangilan
3%
Azerbaijan District Zardab
3%
Bhutan District Zhemgang
3%
Azerbaijan District Aghdara
2%
Maldives Atoll Faadhippolhu
2%
Tajikistan District Fayzabad
2%
Maldives Atoll Felidhu Atoll
2%
Maldives Atoll Hahdhunmathi
2%
Tajikistan City Hisar
2%
Maldives Atoll Kolhumadulu
2%
Maldives Atoll North Ari Atoll
2%
Maldives Atoll North Huvadhu Atoll
2%
Maldives Atoll North Miladhunmadulu
2%
Maldives Atoll North Nilandhe Atoll
2%
Maldives Atoll North Thiladhunmathi
2%
Tajikistan District Nurobod
2%
Tajikistan City Roghun
2%
Tajikistan District Rudaki
2%
Azerbaijan District Sabirabad
2%
Tajikistan District Sangvor
2%
Tajikistan District Shahrinav
2%
Maldives Atoll South Ari Atoll
2%
Maldives Atoll South Huvadhu Atoll
2%
Maldives Atoll South Miladhunmadulu
2%
Maldives Atoll South Nilandhe Atoll
2%
Maldives City South Thiladhunmathi
2%
Tajikistan District Tojikobod
2%
Tajikistan City Tursunzoda
2%
Tajikistan City Vahdat
2%
Tajikistan District Varzob
2%
No matching quizzes found
Score Distribution
Percent of People with Each Score
Percentile by Number Answered
Your Score History
You have not taken this quiz since the last reset